British Bacon Puzzle - Statistics

General Stats
  • This quiz has been taken 158 times
  • The average score is 9 of 16
Answer Stats
Co-star 1 Co-star 2 Movie % Correct
Colin Firth Helena Bonham Carter The King's Speech
87%
Ralph Fiennes Liam Neeson Schindler's List
76%
Benedict Cumberbatch Keira Knightley The Imitation Game
75%
Martin Freeman Benedict Cumberbatch The Hobbit
68%
Helena Bonham Carter Alan Rickman Sweeney Todd
63%
Tilda Swinton Ralph Fiennes The Grand Budapest Hotel
61%
Alan Rickman Maggie Smith Harry Potter
60%
Kate Winslet Emma Thompson Sense and Sensibility
59%
Emma Thompson Martin Freeman Love Actually
53%
Maggie Smith Judi Dench The Best Exotic Marigold Hotel
48%
Keira Knightley James McAvoy Atonement
46%
Liam Neeson Gary Oldman Batman Begins
43%
Kenneth Branagh Kate Winslet Hamlet
39%
James McAvoy Tilda Swinton The Chronicles of Narnia: The Lion, the Witch and the Wardrobe
35%
Judi Dench Kenneth Branagh My Week With Marilyn
28%
Gary Oldman Colin Firth Tinker Tailor Solider Spy
24%
No matching quizzes found
Score Distribution
Percent of People with Each Score
Percentile by Number Answered
Your Score History
You have not taken this quiz